| 000 | 00585nam a2200169Ia 4500 | ||
|---|---|---|---|
| 008 | 090201s9999 xx 000 0 und d | ||
| 010 | _aKPL-18230 | ||
| 040 | _bमराठी | ||
| 041 | _aमराठी | ||
| 082 |
_a6409 _b18230 |
||
| 100 | _aभालचंद्र गोपाळ बापट | ||
| 245 |
_aशैक्षणिक संशोधन _cभालचंद्र गोपाळ बापट |
||
| 260 |
_c2004 _bनुतन प्रकाशन |
||
| 300 |
_a216 _bमोठा |
||
| 600 | _aशैक्षणिक संशोधन | ||
| 942 | _cBOOK | ||
| 999 |
_c207231 _d207231 |
||